| 000 | 00544nam a22001697a 4500 | ||
|---|---|---|---|
| 008 | 230810b |||||||| |||| 00| 0 eng d | ||
| 020 | _a9789887850168 | ||
| 050 | _aNC 997 .F38 2020 | ||
| 100 | _aFauna & Flora | ||
| 245 |
_aFlora & fauna : _bDesign inspired by nature / _cFlora & fauna |
||
| 250 | _a2nd ed. | ||
| 260 |
_aChina: _bVishonworkshop, _c2020. |
||
| 300 |
_a247p. ; _bill. ; _c33cm |
||
| 500 | _aincludes bibliographical references and index. | ||
| 650 | _2Plants in art | ||
| 942 |
_2lcc _cBOOKS _hNC 997 .F38 2020 |
||
| 999 |
_c31842 _d31842 |
||